Seine-Maritime - mort subite - Statistiques

Statistiques générales
  • Ce quiz a été pris 45 fois
  • Le résultat moyen est 8 sur 18
Answers on the Grid
Answers color-coded by a green-red scale on the quiz's grid according to % correct below.
Meaux
Le château d'Eu
La cathédrale d'Évreux
Nellore
Le Havre
La Senne
Tamaulipas
Le lieu d'exécution de Jeanne d'Arc
L'ancien bâtiment le plus haut du monde
Sassetot-le-Mauconduit
Dieppe
Elbeuf
Un club de foot qui ont été champion de France
Talisay
Le Purus
Sotteville-lès-Rouen
Honfleur
Les Samariens
Un aéroport international
Le Grand-Quevilly
Un stade de la Coupe Mondiale de foot
Sainte-Chapelle
Étretat
Le stade Robert-Diochon
Asnières-sur-Seine
Neufchâtel-en-Bray
Mostaganem
Honfleur
Deauville
Fécamp
Gare Saint-Roch
Doom Mons
Saint-Valery-en-Caux
Yantai
Yvetot
Yport
 
Statistiques - réponses
Réponse % Correct
Le Havre
84%
Dieppe
64%
Sotteville-lès-Rouen
64%
Le château d'Eu
60%
Rouen Le lieu d'exécution de Jeanne d'Arc
60%
Elbeuf
56%
Le Grand-Quevilly
48%
Étretat
44%
Yvetot
40%
Fécamp
36%
La cathédrale de Rouen L'ancien bâtiment le plus haut du monde
32%
Le Petit-Quevilly (FC Rouen) Le stade Robert-Diochon
32%
Saint-Valery-en-Caux
32%
Neufchâtel-en-Bray
28%
Sassetot-le-Mauconduit
28%
Yport
28%
Le Havre Un club de foot qui ont été champion de France
24%
Stade Municipal du Havre, 1938 Un stade de la Coupe Mondiale de foot
12%
Aucun quiz correspondant
Distribution des résultats
% des personnes avec chaque résultat
Percentile par nombre de réponses
Votre historique - résultats
Vous n’avez pas pris ce quiz